Highest Payed NBA Player by Position - Statistics

General Stats
  • This quiz has been taken 19 times
  • The average score is 4 of 5
Answer Stats
Position Salary Player % Correct
PG $59,606,817 Steph Curry
100%
C $55,224,526 Joel Embiid
84%
PF $54,126,450 Giannis Antetokounmpo
79%
SF $54,708,609 Kevin Durant
79%
SG $53,142,264 Devin Booker
58%
No matching quizzes found
Score Distribution
Percent of People with Each Score
Percentile by Number Answered
Your Score History
You have not taken this quiz